Atlético Madrid Players by Picture - Statistics

General Stats
  • This quiz has been taken 230 times
    45 since last reset
  • The average score is 16 of 20
Answer Stats
Picture Answer % Correct
José María Giménez
100%
Antoine Griezmann
95%
Jan Oblak
95%
Julián Alvarez
95%
Alexander Sørloth
93%
Conor Gallagher
93%
Koke
93%
Giuliano Simeone
90%
Clément Lenglet
85%
Marcos Llorente
83%
Nahuel Molina
83%
Robin Le Normand
83%
Álex Baena
75%
Thiago Almada
75%
Juan Musso
73%
Dávid Hancko
70%
Giacomo Raspadori
63%
Johnny Cardoso
50%
Matteo Ruggeri
48%
Marc Pubill
35%
No matching quizzes found
Score Distribution
Percent of People with Each Score
Percentile by Number Answered
Your Score History
You have not taken this quiz since the last reset